NBA Draft 2000-2019 - Statistiques

Statistiques générales
  • Ce quiz a été pris 803 fois
  • Le résultat moyen est 13 sur 20
Statistiques - réponses
Franchise Annee Réponse % Correct
Cleveland Cavaliers 2003 Lebron James
97%
New Orleans Pelicans 2019 Zion Williamson
93%
Cleveland Cavaliers 2011 Kyrie Irving
87%
Philadelphie 76ers 2016 Ben Simmons
83%
Chicago Bulls 2008 Derrick Rose
82%
Phoenix Suns 2018 Deandre Ayton
81%
Minnesota Timberwolves 2015 Karl Anthony Towns
81%
LA Clippers 2009 Blake Griffin
74%
Washington Wizards 2010 John Wall
71%
New Orleans Hornets 2012 Anthony Davis
67%
Philadelphie 76ers 2017 Markelle Fultz
67%
Cleveland Cavaliers 2014 Andrew Wiggins
66%
Orlando Magic 2004 Dwight Howard
65%
Cleveland Cavaliers 2013 Anthony Bennett
57%
Portland Trail Blazers 2007 Greg Oden
51%
Houston Rockets 2002 Yao Ming
49%
Milwaukee Bucks 2005 Andrew Bogut
29%
Washington Wizards 2001 Kwame Brown
28%
Toronto Raptors 2006 Andrea Bargnani
27%
New Jersey Nets 2000 Kenyon Martin
23%
Aucun quiz correspondant
Distribution des résultats
% des personnes avec chaque résultat
Percentile par nombre de réponses
Votre historique - résultats
Vous n’avez pas pris ce quiz